Statistics for Crusades Trivia

Click here to take the quiz!

General Stats

  • This quiz has been taken 92 times
  • The average score is 6 of 10

Answer Stats

Hint Answer % Correct
What was the name of the famed English king that troubled Saladin's forces in battle?Richard I
89%
Byzantine city that was attacked by Christians in the failed 4th CrusadeConstantinople
87%
How many Christian Crusader states were set up after the success of the 1st Crusade?4
84%
What was the name of the pope that called for the Crusades?Pope Urban II
79%
In what year did the First Crusade Start?1096
70%
In what year did Saladin capture Jerusalem from the Christians?1187
50%
What battle did Saladin crush the water depleted Christian force? (Same year as #1 answer)Battle of Hattin
44%
What was the name of the Byzantine emperor that requested Christian troops to fight against the Seljuk Turks?Alexius I
37%
Name of the council called by the pope to sell the idea of the Crusades to the clergyCouncil of Clermont
32%
In what year did the Crusades officially end?1272
9%

Score Distribution

Percentile by Number Answered

Percent of People with Each Score

Your Score History

You have not taken this quiz